[Event "Tatarstan-ch"]
[Site "Kazan"]
[Date "2011.12.20"]
[Round "7.13"]
[White "Abdullin, Renat"]
[Black "Bessolitcin, Mikhail"]
[Result "0-1"]
[WhiteElo "2111"]
[BlackElo "1949"]
[PlyCount "92"]
[EventDate "2011.12.13"]
[EventType "swiss"]
[EventRounds "9"]
[EventCountry "RUS"]
[SourceTitle "EXT 2022"]
[Source "ChessBase"]
[SourceDate "2021.10.06"]
[SourceVersion "1"]
[SourceVersionDate "2021.10.06"]
[SourceQuality "1"]

1. e4 e6 2. d4 d5 3. Nd2 Nf6 4. e5 Nfd7 5. Bd3 c5 6. c3 Nc6 7. Ne2 cxd4 8. cxd4 f6 9. exf6 Nxf6 10. 0-0 Bd6 11. Nf3 0-0 12. b3 Qb6 13. Bb2 Bd7 14. Ng3 Kh8 15. Rc1 Rae8 16. Re1 Ng4 17. Ng5 e5 18. Bf5 Bxf5 19. Nxf5 Rxf5 20. Qxg4 Ref8 21. Qh4 h6 22. Ne6 R8f6 23. dxe5 Bxe5 24. Bxe5 Nxe5 25. Rc8+ Kh7 26. Nf8+ Rxf8 27. Rxf8 Nf3+ 28. gxf3 Rxf8 29. Qh5 Qg6+ 30. Qxg6+ Kxg6 31. Re5 Rf5 32. Re7 Rf7 33. Re5 Rd7 34. f4 Kf6 35. h4 b5 36. Kf1 a6 37. Ke2 Re7 38. Rxe7 Kxe7 39. Ke3 Ke6 40. a4 bxa4 41. bxa4 g6 42. a5 h5 43. Kd4 Kd6 44. f5 gxf5 45. f4 Kc6 46. Ke5 Kc5 0-1

[Event "Tatarstan-ch"]
[Site "Kazan"]
[Date "2011.12.18"]
[Round "6.12"]
[White "Nizamov, Bulat"]
[Black "Abdullin, Renat"]
[Result "1/2-1/2"]
[WhiteElo "1750"]
[BlackElo "2111"]
[PlyCount "60"]
[EventDate "2011.12.13"]
[EventType "swiss"]
[EventRounds "9"]
[EventCountry "RUS"]
[SourceTitle "EXT 2022"]
[Source "ChessBase"]
[SourceDate "2021.10.06"]
[SourceVersion "1"]
[SourceVersionDate "2021.10.06"]
[SourceQuality "1"]

1. d4 Nf6 2. c4 e6 3. Nf3 d5 4. g3 Be7 5. Bg2 0-0 6. 0-0 c6 7. Nc3 Nbd7 8. Qc2 b6 9. e4 dxe4 10. Nxe4 Bb7 11. Ne5 Nxe5 12. dxe5 Nxe4 13. Bxe4 h6 14. Qe2 Qc7 15. Bc2 Rad8 16. Qe4 f5 17. exf6 Rxf6 18. Qh7+ Kf7 19. Bf4 e5 20. Be3 c5 21. Bd1 Qc6 22. Bh5+ Ke6 23. f3 Bf8 24. Bg4+ Kf7 25. Rad1 Rdd6 26. Rxd6 Qxd6 27. Bf5 Be7 28. Be4 Bc6 29. Bxc6 Qxc6 30. Qe4 Qxe4 1/2-1/2

[Event "Tatarstan-ch"]
[Site "Kazan"]
[Date "2011.12.15"]
[Round "4.8"]
[White "Abdullin, Renat"]
[Black "Toropov, Pavel"]
[Result "0-1"]
[WhiteElo "2111"]
[BlackElo "2267"]
[PlyCount "69"]
[EventDate "2011.12.13"]
[EventType "swiss"]
[EventRounds "9"]
[EventCountry "RUS"]
[SourceTitle "EXT 2022"]
[Source "ChessBase"]
[SourceDate "2021.10.06"]
[SourceVersion "1"]
[SourceVersionDate "2021.10.06"]
[SourceQuality "1"]

1. e4 c5 2. Nf3 e6 3. c3 d5 4. Bb5+ Bd7 5. Bxd7+ Qxd7 6. exd5 Qxd5 7. 0-0 Nc6 8. d4 Nf6 9. Qa4 cxd4 10. Nxd4 Bc5 11. Be3 Bxd4 12. Bxd4 b5 13. Qa3 a5 14. Bxf6 gxf6 15. c4 Qxc4 16. Nd2 Qd5 17. Rfd1 Rd8 18. Qg3 Nd4 19. Qd3 f5 20. Nb3 Nxb3 21. Qxd5 Rxd5 22. axb3 Rxd1+ 23. Rxd1 Ke7 24. Ra1 Ra8 25. Kf1 Kd6 26. Ke2 Kc5 27. Rc1+ Kb4 28. Rc3 Rg8 29. g3 Rd8 30. f4 Rd4 31. Ke1 f6 32. Rf3 Rd5 33. Ke2 e5 34. h3 e4 35. Re3 0-1

[Event "Tatarstan-ch"]
[Site "Kazan"]
[Date "2011.12.14"]
[Round "2.5"]
[White "Emeljanov, Konstantin"]
[Black "Abdullin, Renat"]
[Result "0-1"]
[WhiteElo "2299"]
[BlackElo "2111"]
[PlyCount "66"]
[EventDate "2011.12.13"]
[EventType "swiss"]
[EventRounds "9"]
[EventCountry "RUS"]
[SourceTitle "EXT 2022"]
[Source "ChessBase"]
[SourceDate "2021.10.06"]
[SourceVersion "1"]
[SourceVersionDate "2021.10.06"]
[SourceQuality "1"]

1. e4 c5 2. Nf3 d6 3. d4 cxd4 4. Nxd4 Nf6 5. Nc3 g6 6. Be3 Bg7 7. f3 0-0 8. Qd2 d5 9. e5 Nfd7 10. f4 Nb6 11. 0-0-0 Bg4 12. Re1 Nc6 13. h3 Be6 14. g4 Nc4 15. Nxe6 fxe6 16. Bxc4 dxc4 17. Qe2 b5 18. Nxb5 Nb4 19. Qxc4 Nd5 20. Bd2 Rc8 21. Qe4 Qb6 22. Nc3 Rfd8 23. Nxd5 Rxd5 24. g5 Qa6 25. a3 Rc4 26. Qe3 Qa4 27. Bc3 Rdc5 28. Rhf1 Qc6 29. Rd1 Rxc3 30. bxc3 Rxc3 31. Rd3 Rxc2+ 32. Kb1 Qc4 33. Rd8+ Kf7 0-1

[Event "Nezhmetdinov Memorial 32nd"]
[Site "Kazan"]
[Date "2010.06.05"]
[Round "6"]
[White "Abdullin, Renat"]
[Black "Khazieva, Elza"]
[Result "0-1"]
[WhiteElo "2135"]
[BlackElo "1796"]
[PlyCount "104"]
[EventDate "2010.05.31"]
[EventType "swiss"]
[EventRounds "9"]
[EventCountry "RUS"]
[SourceTitle "CBM 136 Extra"]
[Source "ChessBase"]
[SourceDate "2010.07.02"]
[SourceVersion "2"]
[SourceVersionDate "2010.07.15"]
[SourceQuality "1"]

1. e4 c5 2. Nf3 d6 3. Bb5+ Bd7 4. Bxd7+ Nxd7 5. 0-0 Ngf6 6. Re1 e6 7. c3 Be7 8. d4 cxd4 9. cxd4 d5 10. exd5 Nxd5 11. Nc3 N7b6 12. Nxd5 Qxd5 13. Bg5 Bxg5 14. Re5 Qd6 15. Nxg5 0-0 16. Qd3 g6 17. Qh3 h5 18. Rd1 Rad8 19. Rd3 Nd5 20. Qg3 Nb4 21. Rd1 Nc6 22. Re4 Qxg3 23. hxg3 Rd5 24. f4 Rb5 25. Rd2 Nb4 26. a3 Nd5 27. Nf3 Rc8 28. Ree2 Rb3 29. Rc2 Rxc2 30. Rxc2 Ne3 31. Rc3 Rxc3 32. bxc3 Nc4 33. a4 Nb6 34. a5 Nc4 35. a6 bxa6 36. Kf2 a5 37. Ke2 a4 38. Kd3 a3 39. Ne1 a2 40. Nc2 Nb2+ 41. Ke4 Kf8 42. d5 Ke7 43. Kd4 Kd6 44. dxe6 fxe6 45. c4 Na4 46. Na1 Nc5 47. Kc3 Ne4+ 48. Kd4 Nxg3 49. c5+ Kc6 50. Nb3 Ne2+ 51. Ke5 Nc1 52. Na1 Nd3+ 0-1

[Event "Nezhmetdinov Memorial 32nd"]
[Site "Kazan"]
[Date "2010.06.01"]
[Round "2"]
[White "Abdullin, Renat"]
[Black "Ponfilenok, Vladimir"]
[Result "0-1"]
[WhiteElo "2135"]
[BlackElo "2451"]
[PlyCount "46"]
[EventDate "2010.05.31"]
[EventType "swiss"]
[EventRounds "9"]
[EventCountry "RUS"]
[SourceTitle "CBM 136 Extra"]
[Source "ChessBase"]
[SourceDate "2010.07.02"]
[SourceVersion "2"]
[SourceVersionDate "2010.07.15"]
[SourceQuality "1"]

1. e4 e6 2. d4 d5 3. Nd2 c5 4. exd5 exd5 5. Ngf3 Nf6 6. dxc5 Bxc5 7. Nb3 Bb6 8. Be2 0-0 9. 0-0 Nc6 10. Bg5 h6 11. Bh4 g5 12. Bg3 Ne4 13. c4 Be6 14. cxd5 Qxd5 15. Nfd2 Nxg3 16. hxg3 Rad8 17. Bc4 Qxc4 18. Qh5 Qg4 19. Qxh6 Bxb3 20. Nxb3 Qxg3 21. Rac1 Rd6 22. Qh5 Qh4 23. Qe2 Rh6 0-1

[Event "Tatarstan-ch op"]
[Site "Kazan"]
[Date "2009.08.27"]
[Round "8"]
[White "Abdullin, Renat"]
[Black "Mullin, Zufar"]
[Result "1-0"]
[WhiteElo "2164"]
[BlackElo "2016"]
[PlyCount "57"]
[EventDate "2009.08.20"]
[EventType "swiss"]
[EventRounds "9"]
[EventCountry "RUS"]
[SourceTitle "EXT 2010"]
[Source "ChessBase"]
[SourceDate "2010.11.25"]
[SourceVersion "1"]
[SourceVersionDate "2010.11.25"]
[SourceQuality "1"]

1. e4 c5 2. Nf3 e6 3. c3 d5 4. Bb5+ Bd7 5. Bxd7+ Qxd7 6. exd5 Qxd5 7. 0-0 Nc6 8. d4 cxd4 9. cxd4 Nf6 10. Nc3 Qh5 11. Qb3 0-0-0 12. Be3 Bd6 13. Rac1 Ng4 14. h3 Nxe3 15. fxe3 f6 16. Ne4 Qd5 17. Qd3 Be7 18. Nc3 Qd7 19. Rfd1 Kb8 20. a3 f5 21. Qc4 Na5 22. Qa2 Bf6 23. d5 e5 24. b4 e4 25. Nd4 Bg5 26. Re1 Bxe3+ 27. Rxe3 Nc6 28. dxc6 Qxd4 29. c7+ 1-0

[Event "Tatarstan-ch op"]
[Site "Kazan"]
[Date "2009.08.20"]
[Round "1"]
[White "Nazaretyan, Tigran"]
[Black "Abdullin, Renat"]
[Result "0-1"]
[WhiteElo "1775"]
[BlackElo "2164"]
[PlyCount "120"]
[EventDate "2009.08.20"]
[EventType "swiss"]
[EventRounds "9"]
[EventCountry "RUS"]
[SourceTitle "EXT 2010"]
[Source "ChessBase"]
[SourceDate "2010.11.25"]
[SourceVersion "1"]
[SourceVersionDate "2010.11.25"]
[SourceQuality "1"]

1. d4 Nf6 2. c4 e6 3. Nc3 d5 4. cxd5 exd5 5. Bg5 c6 6. Qc2 Be7 7. e3 Bg4 8. Nge2 Bh5 9. Nf4 Bg6 10. Nxg6 hxg6 11. Bd3 Nbd7 12. a3 Nh5 13. Bxe7 Qxe7 14. 0-0 Nhf6 15. h3 0-0 16. b4 Rac8 17. Rfe1 Rfe8 18. f3 Qd6 19. Qf2 Nf8 20. Rad1 Ne6 21. Bb1 a5 22. e4 axb4 23. e5 Qf8 24. axb4 Nd7 25. Qb2 Nb6 26. Ne2 Ra8 27. Bd3 Ra4 28. Rb1 Rea8 29. Qd2 Ra2 30. Rb2 Rxb2 31. Qxb2 Ra4 32. Rb1 Qa8 33. f4 Ra3 34. Qd2 Ra1 35. Qb2 Ra2 36. Qc3 Qa3 37. Rb3 Qa7 38. b5 Na4 39. Qb4 c5 40. b6 Qa8 41. Qb5 c4 42. Bxc4 dxc4 43. Qxc4 Rxe2 44. Ra3 Re4 45. Rxa4 Qd8 46. Ra7 Rxd4 47. Qb5 Rd1+ 48. Kh2 Qd4 49. Ra4 Qg1+ 50. Kg3 Qe1+ 51. Kh2 Rd8 52. Qc4 g5 53. Ra7 gxf4 54. Qc2 Qxe5 55. Rxb7 f3+ 56. Kg1 fxg2 57. Qf2 Rd1+ 58. Kxg2 Qe4+ 59. Qf3 Rd2+ 60. Kg3 Rd3 0-1

[Event "Nezhmetdinov Memorial 31st"]
[Site "Kazan"]
[Date "2009.06.02"]
[Round "3"]
[White "Gubaydulin, Talgat"]
[Black "Abdullin, Renat"]
[Result "1-0"]
[WhiteElo "2265"]
[BlackElo "2154"]
[PlyCount "83"]
[EventDate "2009.05.31"]
[EventType "swiss"]
[EventRounds "9"]
[EventCountry "RUS"]
[SourceTitle "CBM 130 Extra"]
[Source "ChessBase"]
[SourceDate "2009.07.02"]
[SourceVersion "2"]
[SourceVersionDate "2009.07.15"]
[SourceQuality "1"]

1. d4 Nf6 2. c4 e6 3. Nc3 d5 4. Bg5 c5 5. cxd5 cxd4 6. Qxd4 Be7 7. Nf3 exd5 8. e3 Nc6 9. Qd1 Be6 10. Be2 Qb6 11. 0-0 Rd8 12. Na4 Qa5 13. a3 d4 14. exd4 Nxd4 15. Nxd4 Qxg5 16. Nxe6 fxe6 17. Qb3 Nd5 18. Nc3 Nf4 19. Bf3 0-0 20. Ne4 Qh6 21. Rad1 b6 22. g3 Nd5 23. Bg2 Qg6 24. Rd2 Kh8 25. Re1 Qf5 26. Rde2 h6 27. Rd1 Nf6 28. Rde1 Nxe4 29. Bxe4 Qf6 30. Kg2 Bc5 31. Bb1 a5 32. f4 Rd6 33. Rxe6 Rd2+ 34. R6e2 Qd4 35. Qe6 Rxe2+ 36. Qxe2 Rd8 37. Qe8+ Bf8 38. Qg6 Kg8 39. Qh7+ Kf7 40. Qg6+ Kg8 41. Qh7+ Kf7 42. Ba2+ 1-0

[Event "Privolzhskogo FO-ch"]
[Site "Kazan"]
[Date "2009.01.24"]
[Round "4"]
[White "Ospennikov, Dmitry V"]
[Black "Abdullin, Renat"]
[Result "0-1"]
[WhiteElo "2259"]
[BlackElo "2131"]
[PlyCount "70"]
[EventDate "2009.01.21"]
[EventType "swiss"]
[EventRounds "9"]
[EventCountry "RUS"]
[SourceTitle "EXT 2010"]
[Source "ChessBase"]
[SourceDate "2010.11.25"]
[SourceVersion "1"]
[SourceVersionDate "2010.11.25"]
[SourceQuality "1"]

1. e4 c5 2. Nf3 d6 3. d4 cxd4 4. Nxd4 Nf6 5. Nc3 g6 6. Be2 Bg7 7. 0-0 0-0 8. Nb3 Nc6 9. Bg5 Be6 10. f4 a6 11. Bf3 Rc8 12. Bh4 b5 13. Re1 Re8 14. Nd5 Bxd5 15. exd5 Na5 16. Nd4 Qc7 17. c3 Nc4 18. Re2 Nb6 19. Nc6 Nbxd5 20. Bxd5 Nxd5 21. Qxd5 e6 22. Nd8 Rexd8 23. Qd3 Re8 24. a4 Qc4 25. Qf3 d5 26. axb5 axb5 27. Bf2 Ra8 28. Rd1 b4 29. Bd4 bxc3 30. bxc3 Ra3 31. Qf2 Bxd4 32. cxd4 Rea8 33. Rc2 Rc3 34. Rb2 Rd3 35. Rxd3 Ra1+ 0-1

[Event "Privolzhskogo FO-ch"]
[Site "Kazan"]
[Date "2009.01.22"]
[Round "2"]
[White "Kanter, Eduard"]
[Black "Abdullin, Renat"]
[Result "1-0"]
[WhiteElo "2366"]
[BlackElo "2131"]
[PlyCount "51"]
[EventDate "2009.01.21"]
[EventType "swiss"]
[EventRounds "9"]
[EventCountry "RUS"]
[SourceTitle "EXT 2010"]
[Source "ChessBase"]
[SourceDate "2010.11.25"]
[SourceVersion "1"]
[SourceVersionDate "2010.11.25"]
[SourceQuality "1"]

1. d4 Nf6 2. c4 e6 3. Nf3 d5 4. g3 dxc4 5. Bg2 c5 6. 0-0 Nc6 7. Ne5 Nxe5 8. dxe5 Qxd1 9. Rxd1 Nd7 10. Na3 Rb8 11. Nxc4 Be7 12. f4 0-0 13. Be3 Rd8 14. Rd2 Nb6 15. Rxd8+ Bxd8 16. Rd1 Be7 17. Nd6 Na4 18. Nxc8 Rxc8 19. Rd7 Bd8 20. Bxb7 Rb8 21. Bc6 Nxb2 22. Bxc5 Bb6 23. Bxb6 axb6 24. Bb5 Rc8 25. Rd2 Rc1+ 26. Kg2 1-0

[Event "Tatarstan-ch op"]
[Site "Kazan"]
[Date "2008.08.29"]
[Round "9"]
[White "Abdullin, Renat"]
[Black "Tsaregorodtsev, Mikhail"]
[Result "1/2-1/2"]
[WhiteElo "2144"]
[BlackElo "2028"]
[PlyCount "20"]
[EventDate "2008.08.21"]
[EventType "swiss"]
[EventRounds "9"]
[EventCountry "RUS"]
[SourceTitle "EXT 2010"]
[Source "ChessBase"]
[SourceDate "2010.11.25"]
[SourceVersion "1"]
[SourceVersionDate "2010.11.25"]
[SourceQuality "1"]

1. e4 e6 2. d4 d5 3. Nd2 c5 4. exd5 exd5 5. Ngf3 Nc6 6. Bb5 Bd6 7. 0-0 Nge7 8. dxc5 Bxc5 9. Nb3 Bd6 10. Bxc6+ bxc6 1/2-1/2

[Event "Tatarstan-ch op"]
[Site "Kazan"]
[Date "2008.08.21"]
[Round "1"]
[White "Yandemirov, Valeri"]
[Black "Abdullin, Renat"]
[Result "1-0"]
[WhiteElo "2463"]
[BlackElo "2144"]
[PlyCount "63"]
[EventDate "2008.08.21"]
[EventType "swiss"]
[EventRounds "9"]
[EventCountry "RUS"]
[SourceTitle "EXT 2010"]
[Source "ChessBase"]
[SourceDate "2010.11.25"]
[SourceVersion "1"]
[SourceVersionDate "2010.11.25"]
[SourceQuality "1"]

1. e4 Nf6 2. e5 Nd5 3. d4 d6 4. c4 Nb6 5. exd6 exd6 6. Nc3 Be7 7. Bd3 Nc6 8. Nge2 Bg4 9. Be3 0-0 10. b3 f5 11. Qd2 Qd7 12. h3 Bxe2 13. Nxe2 Bf6 14. g4 f4 15. Bxf4 Nxd4 16. Nxd4 Bxd4 17. Bxh7+ Kxh7 18. Qxd4 Rae8+ 19. Be3 Qc6 20. 0-0-0 Re4 21. Qd3 d5 22. c5 Rf3 23. Kb1 d4 24. cxb6 cxb6 25. Rc1 Qg6 26. Rc4 Rxf2 27. Bxf2 Re1+ 28. Rxe1 Qxd3+ 29. Kb2 Qd2+ 30. Rc2 Qd3 31. Ree2 a5 32. Red2 1-0

[Event "Nezhmetdinov Memorial 30th"]
[Site "Kazan"]
[Date "2008.06.09"]
[Round "9"]
[White "Ambartsumova, Karina"]
[Black "Abdullin, Renat"]
[Result "1-0"]
[WhiteElo "2249"]
[BlackElo "2144"]
[PlyCount "79"]
[EventDate "2008.06.01"]
[EventType "swiss"]
[EventRounds "9"]
[EventCountry "RUS"]
[SourceTitle "EXT 2009"]
[Source "ChessBase"]
[SourceDate "2008.11.26"]
[SourceVersion "1"]
[SourceVersionDate "2008.11.26"]
[SourceQuality "1"]

1. e4 c5 2. Nf3 d6 3. d4 cxd4 4. Nxd4 Nf6 5. Nc3 g6 6. Be3 Bg7 7. f3 0-0 8. Qd2 Nc6 9. g4 Nxd4 10. Bxd4 e5 11. Be3 Be6 12. 0-0-0 Qa5 13. a3 Rfd8 14. Nb5 Qxd2+ 15. Rxd2 d5 16. g5 Ne8 17. Bxa7 f5 18. Bb6 Rd7 19. exd5 Bf7 20. c4 Rc8 21. Na7 Ra8 22. Be2 e4 23. fxe4 Be5 24. Rf1 fxe4 25. Bg4 Re7 26. Nc8 Rxc8 27. Bxc8 Nd6 28. Be6 Bxe6 29. dxe6 Rxe6 30. Bc5 Nf5 31. Rd8+ Kg7 32. Rd7+ Kg8 33. Rd8+ Kg7 34. h4 Rc6 35. Rfd1 Kf7 36. R1d5 Bg7 37. R8d7+ Ke6 38. Rxb7 Bd4 39. Rxd4 Nxd4 40. Bxd4 1-0

[Event "Nezhmetdinov Memorial 30th"]
[Site "Kazan"]
[Date "2008.06.07"]
[Round "7"]
[White "Gerasimov, Ivan"]
[Black "Abdullin, Renat"]
[Result "1-0"]
[WhiteElo "2307"]
[BlackElo "2144"]
[PlyCount "122"]
[EventDate "2008.06.01"]
[EventType "swiss"]
[EventRounds "9"]
[EventCountry "RUS"]
[SourceTitle "EXT 2009"]
[Source "ChessBase"]
[SourceDate "2008.11.26"]
[SourceVersion "1"]
[SourceVersionDate "2008.11.26"]
[SourceQuality "1"]

1. e4 Nf6 2. e5 Nd5 3. d4 d6 4. c4 Nb6 5. exd6 exd6 6. Nc3 Be7 7. Bd3 0-0 8. Nge2 Nc6 9. 0-0 Bf6 10. Be3 Bg4 11. b3 Bh5 12. Qd2 Re8 13. Nf4 Bg6 14. Nxg6 hxg6 15. Be4 Rb8 16. Bf3 Ne7 17. Ne4 Nf5 18. Nxf6+ Qxf6 19. Rad1 Nxe3 20. fxe3 Qg5 21. Rde1 c6 22. a4 Re7 23. Re2 d5 24. a5 Nd7 25. h4 Qxh4 26. cxd5 Nf6 27. dxc6 bxc6 28. b4 Ne4 29. Bxe4 Qxe4 30. Rc1 Rb5 31. Rc5 Qb1+ 32. Re1 Qxb4 33. Qxb4 Rxb4 34. Kf2 Re6 35. Rec1 Rb2+ 36. R1c2 Rb3 37. R2c3 Rb2+ 38. Kg3 Re2 39. Kf3 Re1 40. Kf2 Ra1 41. Rxc6 Rxc6 42. Rxc6 Rxa5 43. Rc8+ Kh7 44. Rc5 Ra2+ 45. Kf3 f5 46. g4 Ra1 47. g5 a5 48. Kf4 a4 49. Ke5 a3 50. Ke6 Rb1 51. Rc2 Rb2 52. Rc1 a2 53. Ra1 Kg8 54. d5 Re2 55. Kd7 Kf7 56. d6 Rd2 57. e4 f4 58. e5 Re2 59. Rxa2 Rxe5 60. Rf2 Rf5 61. Rf3 Kf8 1-0

[Event "Nezhmetdinov Memorial 30th"]
[Site "Kazan"]
[Date "2008.06.06"]
[Round "6"]
[White "Abdullin, Renat"]
[Black "Zaynutdinov, Iskander"]
[Result "1-0"]
[WhiteElo "2144"]
[BlackElo "2142"]
[PlyCount "107"]
[EventDate "2008.06.01"]
[EventType "swiss"]
[EventRounds "9"]
[EventCountry "RUS"]
[SourceTitle "EXT 2009"]
[Source "ChessBase"]
[SourceDate "2008.11.26"]
[SourceVersion "1"]
[SourceVersionDate "2008.11.26"]
[SourceQuality "1"]

1. e4 c5 2. Nf3 d6 3. Bb5+ Bd7 4. Bxd7+ Nxd7 5. 0-0 Ngf6 6. Re1 e6 7. c3 Be7 8. d4 0-0 9. e5 Ne8 10. Bf4 d5 11. Nbd2 b5 12. Rc1 a5 13. h3 c4 14. Nh2 b4 15. Qg4 Rb8 16. b3 Nb6 17. Re3 Rc8 18. h4 a4 19. cxb4 Bxb4 20. Rg3 Kh8 21. bxc4 dxc4 22. Nhf3 Nd5 23. Rxc4 Nxf4 24. Qxf4 Rxc4 25. Nxc4 Qd5 26. Qc1 Be7 27. Qc2 Qc6 28. Ne3 Qxc2 29. Nxc2 Nc7 30. Ng5 Nb5 31. Rd3 Bxg5 32. hxg5 Rc8 33. Ne3 Rd8 34. d5 exd5 35. Rxd5 Rxd5 36. Nxd5 Kg8 37. Kf1 Nd4 38. Ke1 Kf8 39. Kd2 Ke8 40. f4 Nb5 41. Kd3 Kd7 42. Nb6+ Ke6 43. Nxa4 Kf5 44. g3 Kg4 45. Ke4 Kxg3 46. f5 h5 47. gxh6 gxh6 48. Nc5 h5 49. a4 h4 50. axb5 h3 51. Ke3 Kg4 52. Kf2 Kxf5 53. b6 Kxe5 54. b7 1-0

[Event "Nezhmetdinov Memorial 30th"]
[Site "Kazan"]
[Date "2008.06.03"]
[Round "3"]
[White "Ogloblin, Nikolay"]
[Black "Abdullin, Renat"]
[Result "0-1"]
[WhiteElo "2369"]
[BlackElo "2144"]
[PlyCount "92"]
[EventDate "2008.06.01"]
[EventType "swiss"]
[EventRounds "9"]
[EventCountry "RUS"]
[SourceTitle "EXT 2009"]
[Source "ChessBase"]
[SourceDate "2008.11.26"]
[SourceVersion "1"]
[SourceVersionDate "2008.11.26"]
[SourceQuality "1"]

1. d4 Nf6 2. c4 e6 3. Nf3 d5 4. Bg5 Bb4+ 5. Nc3 dxc4 6. e3 b5 7. a4 c6 8. Be2 Bxc3+ 9. bxc3 Nbd7 10. 0-0 0-0 11. Qb1 Qb6 12. e4 Re8 13. Re1 Rb8 14. Bf4 Rb7 15. a5 Qd8 16. Bd6 Nf8 17. Bb4 a6 18. Ne5 Rc7 19. Bf3 N6d7 20. Nxd7 Nxd7 21. Bd6 c5 22. d5 Bb7 23. dxe6 Rxe6 24. Bxc7 Qxc7 25. Bg4 Rd6 26. Bxd7 Qxd7 27. Re3 g6 28. Qe1 Rd3 29. h4 Qe7 30. f3 Qd8 31. Kf1 Bc6 32. Rxd3 cxd3 33. Qf2 b4 34. Qxc5 d2 35. Qd4 Bb5+ 36. Kf2 Qxh4+ 37. g3 Qh2+ 38. Ke3 bxc3 39. e5 Qe2+ 40. Kf4 Qd3 41. Qc5 Qc4+ 42. Qxc4 Bxc4 43. Ke3 Bb3 44. Ke2 Bc2 45. f4 h5 46. Rh1 Kf8 0-1

[Event "Kazan Region-ch 6th"]
[Site "Kazan"]
[Date "2008.01.31"]
[Round "9"]
[White "Abdullin, Renat"]
[Black "Mustakaev, Artur"]
[Result "0-1"]
[WhiteElo "2095"]
[BlackElo "2326"]
[PlyCount "110"]
[EventDate "2008.01.23"]
[EventType "swiss"]
[EventRounds "9"]
[EventCountry "RUS"]
[SourceTitle "CBM 122 Extra"]
[Source "ChessBase"]
[SourceDate "2008.03.04"]
[SourceVersion "1"]
[SourceVersionDate "2008.03.04"]
[SourceQuality "1"]

1. e4 c5 2. Nf3 d6 3. Bb5+ Bd7 4. Bxd7+ Nxd7 5. 0-0 Ngf6 6. Re1 e6 7. c3 Be7 8. d4 cxd4 9. cxd4 d5 10. exd5 Nxd5 11. Nc3 N7b6 12. Nxd5 Nxd5 13. Qa4+ Qd7 14. Qxd7+ Kxd7 15. Ne5+ Ke8 16. Bd2 f6 17. Nd3 Kf7 18. Rac1 Rac8 19. Rxc8 Rxc8 20. Rc1 Rd8 21. Kf1 h5 22. Ke2 g5 23. Nc5 b6 24. Ne4 Bd6 25. Rc6 Bf4 26. g3 Bb8 27. a4 Ke7 28. a5 Kd7 29. Rc4 g4 30. axb6 axb6 31. f3 f5 32. Nc3 Rh8 33. Nxd5 exd5 34. Rc3 h4 35. fxg4 hxg3 36. hxg3 Rh2+ 37. Kd1 fxg4 38. b3 Bd6 39. Re3 Rh3 40. Be1 Bf4 41. Rd3 Ke6 42. Ke2 Bg5 43. Bd2 Rh2+ 44. Kd1 Bf6 45. Bf4 Kf5 46. Kc1 Rf2 47. Kd1 Rf3 48. Kc2 Ke4 49. Rd1 Bxd4 50. Re1+ Be3 51. Bc7 b5 52. Kc3 d4+ 53. Kb4 Rf5 54. Bb6 Kd3 55. Bc5 Bd2+ 0-1